000
00335nam a2200145Ia 4500
008
221030s9999 xx 000 0 und d
020
_a
81212234x
082
_a
105.23
100
_a
V Prakash
245
0
_a
Human Resource Management
260
_b
Anmol Pub
_a
New Delhi
_c
2005
300
_a
528
650
_a
Management
942
_c
BK
_2
ddc
999
_c
540
_d
540